Advanced financial accounting : (Record no. 85019)

MARC details
000 -LEADER
fixed length control field 00682nam a22002057a 4500
005 - DATE AND TIME OF LATEST TRANSACTION
control field 20140617145257.0
010 ## - LCCN (DPL NO)
LC control number ENG-110183
020 ## - INTERNATIONAL STANDARD BOOK NUMBER
International Standard Book Number 9789325976122
Terms of availability 225.00
035 ## - SYSTEM CONTROL NUMBER
System control number EN-93715
037 ## - SOURCE OF ACQUISITION
Source of stock number/acquisition DBAD/PUB
082 ## - DEWEY DECIMAL CLASSIFICATION NUMBER
Classification number 657.48
100 ## - MAIN ENTRY--PERSONAL NAME
Personal name Shawar Saleem
245 ## - TITLE STATEMENT
Title Advanced financial accounting :
Statement of responsibility, etc by Shawar Saleem ; edited by Kumuda P.R.
Remainder of title Bachelor of Commerce Bangalore University (semester II) /
260 ## - PUBLICATION, DISTRIBUTION, ETC. (IMPRINT)
Place of publication, distribution, etc Noida
Name of publisher, distributor, etc Vikas Publishing House
Date of publication, distribution, etc 2014
270 ## - ADDRESS
Address E-28, Sector-8,
City Noida (UP)
Postal code 201301
300 ## - PHYSICAL DESCRIPTION
Extent viii,182p.
Dimensions 23cm(pbk)
500 ## - GENERAL NOTE
General note Includes bibliographical references
700 ## - ADDED ENTRY--PERSONAL NAME
Personal name Kumuda P.R.
942 ## - ADDED ENTRY ELEMENTS (KOHA)
Source of classification or shelving scheme Dewey Decimal Classification
Item type English Books
Call number suffix SHA
Classification part 657.48
Holdings
Withdrawn status Lost status Not for loan Collection code Home library Current library Date acquired Source of acquisition Cost, normal purchase price Full call number Barcode Copy number Cost, replacement price Koha item type
    Not For Loan Non-fiction D.B.Act.Division D.B.Act.Division 11/06/2014 ENG-110183 225.00 657.48 SHA EN-93715 1 225.00 English Books

© Delhi Public Library
Hit Counter
free hit counter